Statistiche per Evoluzioni di Eevee

Clicka qui per fare il quiz!

Statistiche generali

  • Questo quiz è stato fatto 20 volte
  • Il punteggio medio è 6 su 8

Statistiche sulle risposte

TipoPokémon% Corretto
FuocoFlareon
94%
ElettroJolteon
88%
BuioUmbreon
88%
AcquaVaporeon
82%
PsicoEspeon
76%
GhiaccioGlaceon
71%
ErbaLeafeon
71%
FollettoSylveon
53%

Distribuzione punteggi

Percentile per numero di risposta

Percentuale di utenti per punteggio

I tuoi punteggi nel tempo

Non hai fatto questo quiz